|
|
|
|
| LEADER |
00000nab a2200000ua 4500 |
| 001 |
vtls010791699 |
| 003 |
SK-MaSNL |
| 005 |
20260303152117.0 |
| 008 |
230222s1980 xo |||||||||||||||||eng| |
| 035 |
|
|
|a (urnnbn)urn:nbn:sk:snk:ar-a02y19
|
| 035 |
|
|
|a (uuid)fbe34485-37db-4f3d-b30b-e4de79d6fca9
|
| 035 |
|
|
|a urn:nbn:sk:snk-ab4pcb
|
| 040 |
|
|
|a SNKBUCL
|b slo
|c SNKBUCL
|e AACR2
|
| 041 |
0 |
|
|a eng
|
| 044 |
|
|
|a xo
|c SK
|
| 100 |
1 |
|
|a Šebová, Elena
|4 aut
|9 852803
|
| 245 |
1 |
0 |
|a EFFECT OF THE ACTIVATION LEVEL ON MEMORY PERFORMANCE
|c Elena Šebová, Oľga Halmiová
|
| 700 |
1 |
|
|a Halmiová, Oľga,
|d 1932-
|4 aut
|9 177708
|
| 773 |
0 |
|
|t Studia psychologica : an international journal for research and theory in psychological sciences
|g Roč. 22, č. 2 (1980), s. 107-114
|
| 958 |
|
|
|a OND
|
| 958 |
|
|
|a EUIPO
|
| 958 |
|
|
|a article3
|
| 999 |
|
|
|c 2021721
|d 2023651
|